Combien de ville de Seine Maritime (76) connais-tu ? - Statistiques

Statistiques générales
  • Ce quiz a été pris 25 fois
  • Le résultat moyen est 57 sur 708
Statistiques - réponses
Code postal Ville % Correct
76175 Rouen
94%
76600 Le Havre
89%
76201 Dieppe
78%
76790 Étretat
67%
76190 Yvetot
67%
76094 Fécamp
61%
76460 Saint-Valery-en-Caux
61%
76360 Barentin
56%
76120 Le Grand-Quevilly
56%
76140 Le Petit-Quevilly
56%
76821 Mont-Saint-Aignan
56%
76800 Saint-Étienne-du-Rouvray
56%
76230 Bois-Guillaume
50%
76210 Bolbec
50%
76260 Eu
50%
76270 Neufchâtel-en-Bray
50%
76480 Duclair
44%
76500 Elbeuf
44%
76470 Le Tréport
44%
76150 Maromme
44%
76680 Saint-Saëns
44%
76300 Sotteville-lès-Rouen
44%
76380 Canteleu
39%
76440 Forges-les-Eaux
39%
76630 Petit-Caux
39%
76510 Saint-Nicolas-d'Aliermont
39%
76890 Tôtes
39%
76980 Veules-les-Roses
39%
76760 Yerville
39%
76111 Yport
39%
76390 Aumale
33%
76420 Bihorel
33%
76690 Clères
33%
76160 Darnétal
33%
76250 Déville-lès-Rouen
33%
76220 Doudeauville
33%
76560 Doudeville
33%
76700 Gonfreville-l'Orcher
33%
76530 Grand-Couronne
33%
76850 La Crique
33%
76170 Lillebonne
33%
76810 Luneray
33%
76710 Montville
33%
76570 Pavilly
33%
76650 Petit-Couronne
33%
76490 Rives-en-Seine
33%
76210 Trouville
33%
76680 Bellencombre
28%
76110 Bréauté
28%
76110 Goderville
28%
76220 Gournay-en-Bray
28%
76480 Jumièges
28%
76580 Le Trait
28%
76290 Montivilliers
28%
76930 Octeville-sur-Mer
28%
76330 Port-Jérôme-sur-Seine
28%
76230 Quincampoix
28%
76340 Saint-Romain-de-Colbosc
28%
76430 Tancarville
28%
76340 Blangy-sur-Bresle
22%
76850 Bosc-le-Hard
22%
76750 Buchy
22%
76450 Cany-Barville
22%
76320 Caudebec-lès-Elbeuf
22%
76400 Colleville
22%
76280 Criquetot-l'Esneval
22%
76630 Envermeu
22%
76770 Le Houlme
22%
76790 Les Loges
22%
76570 Limésy
22%
76660 Londinières
22%
76590 Longueville-sur-Scie
22%
76770 Malaunay
22%
76680 Pommeréval
22%
76370 Rouxmesnil-Bouteilles
22%
76550 Saint-Aubin-sur-Scie
22%
76310 Sainte-Adresse
22%
76190 Sainte-Marie-des-Champs
22%
76840 Saint-Martin-de-Boscherville
22%
76640 Terres-de-Caux
22%
76590 Torcy-le-Grand
22%
76890 Val-de-Saâne
22%
76119 Varengeville-sur-Mer
22%
76190 Allouville-Bellefosse
17%
76370 Ancourt
17%
76880 Arques-la-Bataille
17%
76730 Bacqueville-en-Caux
17%
76750 Bois-Guilbert
17%
76790 Bordeaux-Saint-Clair
17%
76910 Criel-sur-Mer
17%
76133 Épouville
17%
76970 Flamanville
17%
76520 Franqueville-Saint-Pierre
17%
76280 Gonneville-la-Mallet
17%
76210 Gruchet-le-Valasse
17%
76700 Harfleur
17%
76190 Hautot-Saint-Sulpice
17%
76550 Hautot-sur-Mer
17%
76840 Hénouville
17%
76560 Héricourt-en-Caux
17%
76770 Houppeville
17%
76230 Isneauville
17%
76240 Le Mesnil-Esnard
17%
76950 Les Grandes-Ventes
17%
76790 Le Tilleul
17%
76970 Motteville
17%
76640 Normanville
17%
76510 Notre-Dame-d'Aliermont
17%
76550 Offranville
17%
76350 Oissel
17%
76160 Préaux
17%
76116 Ry
17%
76490 Saint-Arnoult
17%
76860 Saint-Denis-d'Aclon
17%
76280 Saint-Jouin-Bruneval
17%
76560 Saint-Laurent-en-Caux
17%
76680 Saint-Martin-Osmonville
17%
76170 Saint-Nicolas-de-la-Taille
17%
76480 Saint-Pierre-de-Varengeville
17%
76270 Saint-Saire
17%
76440 Sommery
17%
76410 Tourville-la-Rivière
17%
76280 Turretot
17%
76540 Valmont
17%
76450 Veulettes-sur-Mer
17%
76750 Vieux-Manoir
17%
76640 Yébleron
17%
76640 Alvimare
11%
76920 Amfreville-la-Mi-Voie
11%
76560 Ancourteville-sur-Héricourt
11%
76280 Angerville-l'Orcher
11%
76480 Anneville-Ambourville
11%
76190 Auzebosc
11%
76280 Beaurepaire
11%
76110 Bec-de-Mortagne
11%
76210 Beuzeville-la-Grenier
11%
76116 Blainville-Crevon
11%
76190 Bois-Himont
11%
76520 Boos
11%
76750 Bosc-Bordel
11%
76360 Bouville
11%
76110 Bretteville-du-Grand-Caux
11%
76270 Bully
11%
76690 Cailly
11%
76410 Cléon
11%
76760 Criquetot-sur-Ouville
11%
76510 Dampierre-Saint-Nicolas
11%
76110 Écrainville
11%
76400 Épreville
11%
76710 Eslettes
11%
76690 Esteville
11%
76190 Étoutteville
11%
76290 Fontaine-la-Mallet
11%
76690 Fontaine-le-Bourg
11%
76740 Fontaine-le-Dun
11%
76660 Fréauville
11%
76870 Gaillefontaine
11%
76970 Grémonville
11%
76530 La Bouille
11%
76590 La Chapelle-du-Bourgay
11%
76210 Lanquetot
11%
76280 La Poterie-Cap-d'Antifer
11%
76160 La Vieux-Rue
11%
76590 Le Bois-Robert
11%
76740 Le Bourg-Dun
11%
76190 Les Hauts-de-Caux
11%
76133 Manéglise
11%
76110 Manneville-la-Goupil
11%
76880 Martigny
11%
76270 Mesnières-en-Bray
11%
76690 Mont-Cauvaire
11%
76680 Montérolier
11%
76850 Montreuil-en-Caux
11%
76750 Morgny-la-Pommeraye
11%
76590 Muchedent
11%
76460 Néville
11%
76940 Notre-Dame-de-Bliquetuit
11%
76450 Ourville-en-Caux
11%
76860 Ouville-la-Rivière
11%
76330 Petiville
11%
76280 Pierrefiques
11%
76360 Pissy-Pôville
11%
76860 Quiberville
11%
76270 Quièvrecourt
11%
76640 Rocquefort
11%
76440 Roncherolles-en-Bray
11%
76680 Rosay
11%
76480 Roumare
11%
76190 Saint-Aubin-de-Crétot
11%
76510 Saint-Aubin-le-Cauf
11%
76410 Saint-Aubin-lès-Elbeuf
11%
76430 Saint-Aubin-Routot
11%
76740 Saint-Aubin-sur-Mer
11%
76690 Saint-Georges-sur-Fontaine
11%
76490 Saint-Gilles-de-Crétot
11%
76680 Saint-Hellier
11%
76700 Saint-Laurent-de-Brèvedent
11%
76400 Saint-Léonard
11%
76190 Saint Martin de l'If
11%
76290 Saint-Martin-du-Manoir
11%
76490 Saint-Nicolas-de-la-Haie
11%
76890 Saint-Ouen-du-Breuil
11%
76480 Saint-Paër
11%
76540 Saint-Pierre-en-Port
11%
76110 Saint-Sauveur-d'Émalleville
11%
76510 Saint-Vaast-d'Équiqueville
11%
76430 Sandouville
11%
76740 Sotteville-sur-Mer
11%
76540 Thiergeville
11%
76540 Thiétreville
11%
76590 Torcy-le-Petit
11%
76400 Tourville-les-Ifs
11%
76720 Val-de-Scie
11%
76940 Vatteville-la-Rue
11%
76280 Villainville
11%
76540 Ypreville-Biville
11%
76550 Ambrumesnil
6%
76760 Ancretiéville-Saint-Victor
6%
76540 Angerville-la-Martel
6%
76740 Angiens
6%
76590 Anneville-sur-Scie
6%
76110 Annouville-Vilmesnil
6%
76680 Ardouval
6%
76940 Arelaune-en-Seine
6%
76110 Auberville-la-Renault
6%
76116 Auzouville-sur-Ry
6%
76220 Avesnes-en-Bray
6%
76730 Avremesnil
6%
76440 Beaubec-la-Rosière
6%
76890 Beauval-en-Caux
6%
76220 Beauvoir-en-Lyons
6%
76790 Bénouville
6%
76890 Bertrimont
6%
76220 Bézancourt
6%
76890 Biville-la-Baignarde
6%
76190 Blacqueville
6%
76210 Bolleville
6%
76240 Bonsecours
6%
76680 Bosc-Bérenger
6%
76750 Bosc-Édeline
6%
76680 Bosc-Mesnil
6%
76450 Bosville
6%
76560 Boudeville
6%
76270 Bouelles
6%
76760 Bourdainville
6%
76660 Bures-en-Bray
6%
76890 Calleville-les-Deux-Églises
6%
76340 Campneuseville
6%
76930 Cauville-sur-Mer
6%
76660 Clais
6%
76450 Clasville
6%
76690 Claville-Motteville
6%
76850 Cottévrard
6%
76540 Criquetot-le-Mauconduit
6%
76660 Croixdalle
6%
76190 Croix-Mare
6%
76280 Cuverville
6%
76220 Dampierre-en-Bray
6%
76590 Dénestanville
6%
76190 Écretteville-lès-Baons
6%
76760 Ectot-l'Auber
6%
76390 Ellecourt
6%
76570 Émanville
6%
76480 Épinay-sur-Duclair
6%
76430 Épretot
6%
76850 Étaimpuis
6%
76430 Étainhus
6%
76560 Étalleville
6%
76260 Étalondes
6%
76440 Fontaine-en-Bray
6%
76160 Fontaine-sous-Préaux
6%
76290 Fontenay
6%
76340 Foucarmont
6%
76270 Fresles
6%
76660 Fresnoy-Folny
6%
76510 Freulleville
6%
76400 Froberville
6%
76700 Gainneville
6%
76790 Gerville
6%
76430 Gommerville
6%
76590 Gonneville-sur-Scie
6%
76660 Grandcourt
6%
76370 Grèges
6%
76850 Grigneuseville
6%
76690 Grugny
6%
76340 Guerville
6%
76640 Hattenville
6%
76390 Haudricourt
6%
76720 Heugleville-sur-Scie
6%
76280 Heuqueville
6%
76940 Heurteauville
6%
76117 Incheville
6%
76430 La Cerlangue
6%
76740 La Chapelle-sur-Dun
6%
76590 La Chaussée
6%
76220 La Feuillie
6%
76780 La Haye
6%
76690 La Rue-Saint-Pierre
6%
76150 La Vaupalière
6%
76690 Le Bocasse
6%
76260 Le Mesnil-Réaume
6%
76480 Le Mesnil-sous-Jumièges
6%
76560 Le Torp-Mesnil
6%
76860 Longueil
6%
76490 Louvetot
6%
76290 Mannevillette
6%
76116 Martainville-Épreville
6%
76370 Martin-Église
6%
76270 Massy
6%
76680 Maucomble
6%
76490 Maulévrier-Sainte-Gertrude
6%
76170 Mélamare
6%
76270 Ménonval
6%
76660 Mesnil-Follemprise
6%
76440 Mesnil-Mauger
6%
76510 Meulers
6%
76260 Millebosc
6%
76380 Montigny
6%
76270 Nesle-Hodeng
6%
76220 Neuf-Marché
6%
76270 Neuville-Ferrières
6%
76210 Nointot
6%
76330 Norville
6%
76039 Notre-Dame-de-Bondeville
6%
76133 Notre-Dame-du-Bec
6%
76560 Oherville
6%
76500 Orival
6%
76660 Osmoy-Saint-Valery
6%
76450 Paluel
6%
76260 Ponts-et-Marais
6%
76840 Quevillon
6%
76510 Ricarville-du-Val
6%
76680 Rocquemont
6%
76700 Rogerville
6%
76133 Rolleville
6%
76560 Routes
6%
76730 Royville
6%
76690 Saint-André-sur-Cailly
6%
76190 Saint-Clair-sur-les-Monts
6%
76660 Sainte-Agathe-d'Aliermont
6%
76570 Sainte-Austreberthe
6%
76590 Sainte-Foy
6%
76440 Sainte-Geneviève
6%
76480 Sainte-Marguerite-sur-Duclair
6%
76119 Sainte-Marguerite-sur-Mer
6%
76280 Sainte-Marie-au-Bosc
6%
76590 Saint-Germain-d'Étables
6%
76430 Saint-Gilles-de-la-Neuville
6%
76590 Saint-Honoré
6%
76510 Saint-Jacques-d'Aliermont
6%
76160 Saint-Jacques-sur-Darnétal
6%
76170 Saint-Jean-de-Folleville
6%
76150 Saint-Jean-du-Cardonnay
6%
Saint-Lucien
6%
76110 Saint-Maclou-la-Brière
6%
76760 Saint-Martin-aux-Arbres
6%
76133 Saint-Martin-du-Bec
6%
76160 Saint-Martin-du-Vivier
6%
76270 Saint-Martin-l'Hortier
6%
76890 Saint-Pierre-Bénouville
6%
76260 Saint-Pierre-en-Val
6%
76320 Saint-Pierre-lès-Elbeuf
6%
76260 Saint-Rémy-Boscrocourt
6%
76460 Saint-Riquier-ès-Plains
6%
76460 Saint-Sylvain
6%
76890 Saint-Victor-l'Abbaye
6%
76430 Saint-Vincent-Cramesnil
6%
76540 Sassetot-le-Mauconduit
6%
76440 Saumont-la-Poterie
6%
76550 Sauqueville
6%
76400 Senneville-sur-Fécamp
6%
76260 Sept-Meules
6%
76440 Serqueux
6%
76690 Sierville
6%
76780 Sigy-en-Bray
6%
76540 Sorquainville
6%
76410 Sotteville-sous-le-Val
6%
76190 Touffreville-la-Corbeline
6%
76550 Tourville-sur-Arques
6%
76190 Valliquerville
6%
76890 Varneville-Bretteville
6%
76890 Vassonville
6%
76270 Vatierville
6%
76111 Vattetot-sur-Mer
6%
76280 Vergetot
6%
76760 Vibeuf
6%
76360 Villers-Écalles
6%
76110 Virville
6%
76450 Vittefleur
6%
76660 Wanchy-Capval
6%
76560 Yvecrique
6%
76560 Amfreville-les-Champs
0%
76710 Anceaumeville
0%
76540 Ancretteville-sur-Mer
0%
76110 Angerville-Bailleul
0%
76740 Anglesqueville-la-Bras-Long
0%
76280 Anglesqueville-l'Esneval
0%
76490 Anquetierville
0%
76560 Anvéville
0%
76780 Argueil
0%
76390 Aubéguimont
0%
76340 Aubermesnil-aux-Érables
0%
76550 Aubermesnil-Beaumais
0%
76450 Auberville-la-Manuel
0%
76730 Auppegard
0%
76690 Authieux-Ratiéville
0%
76740 Autigny
0%
76270 Auvilliers
0%
76760 Auzouville-l'Esneval
0%
76730 Auzouville-sur-Saâne
0%
76630 Avesnes-en-Val
0%
76660 Bailleul-Neuville
0%
76660 Baillolet
0%
76630 Bailly-en-Rivière
0%
76190 Baons-le-Comte
0%
76480 Bardouville
0%
76260 Baromesnil
0%
76340 Bazinval
0%
76850 Beaumont-le-Hareng
0%
76870 Beaussault
0%
76890 Beautot
0%
76240 Belbeuf
0%
76630 Bellengreville
0%
76890 Belleville-en-Caux
0%
76590 Belmesnil
0%
76110 Bénarville
0%
76560 Bénesville
0%
76210 Bernières
0%
76450 Bertheauville
0%
76450 Bertreville
0%
76590 Bertreville-Saint-Ouen
0%
76560 Berville-en-Caux
0%
76480 Berville-sur-Seine
0%
76450 Beuzeville-la-Guérard
0%
76210 Beuzevillette
0%
76750 Bierville
0%
76730 Biville-la-Rivière
0%
76460 Blosseville
0%
76160 Bois-d'Ennebourg
0%
76750 Bois-Héroult
0%
76160 Bois-l'Évêque
0%
76750 Boissay
0%
76110 Bornambusc
0%
76710 Bosc-Guérard-Saint-Adrien
0%
76220 Bosc-Hyons
0%
76740 Bourville
0%
76730 Brachy
0%
76850 Bracquetuit
0%
76680 Bradiancourt
0%
76740 Brametot
0%
76220 Brémontier-Merval
0%
76560 Bretteville-Saint-Laurent
0%
76890 Butot
0%
76450 Butot-Vénesville
0%
76460 Cailleville
0%
76270 Callengeville
0%
76260 Canehan
0%
76450 Canouville
0%
76560 Canville-les-Deux-Églises
0%
76190 Carville-la-Folletière
0%
76560 Carville-Pot-de-Fer
0%
76116 Catenay
0%
76570 Cideville
0%
76450 Cleuville
0%
76640 Cléville
0%
76640 Cliponville
0%
76550 Colmesnil-Manneville
0%
76440 Compainville
0%
76390 Conteville
0%
76400 Contremoulins
0%
76450 Crasville-la-Mallet
0%
76740 Crasville-la-Rocquefort
0%
76111 Criquebeuf-en-Caux
0%
76590 Criquetot-sur-Longueville
0%
76390 Criquiers
0%
76680 Critot
0%
76780 Croisy-sur-Andelle
0%
76720 Cropus
0%
76590 Crosville-sur-Scie
0%
76260 Cuverville-sur-Yères
0%
76220 Cuy-Saint-Fiacre
0%
76340 Dancourt
0%
76110 Daubeuf-Serville
0%
76630 Douvrend
0%
76460 Drosay
0%
76190 Écalles-Alix
0%
76540 Écretteville-sur-Mer
0%
76970 Ectot-lès-Baons
0%
76220 Elbeuf-en-Bray
0%
76780 Elbeuf-sur-Andelle
0%
76540 Életot
0%
76640 Envronville
0%
76740 Ermenouville
0%
76220 Ernemont-la-Villette
0%
76750 Ernemont-sur-Buchy
0%
76270 Esclavelles
0%
76340 Fallencourt
0%
76220 Ferrières-en-Bray
0%
76270 Fesques
0%
76270 Flamets-Frétils
0%
76260 Flocques
0%
76280 Fongueusemare
0%
76640 Foucart
0%
76410 Freneuse
0%
76850 Fresnay-le-Long
0%
76520 Fresne-le-Plan
0%
76570 Fresquiennes
0%
76690 Frichemesnil
0%
76780 Fry
0%
76560 Fultot
0%
76220 Gancourt-Saint-Étienne
0%
76400 Ganzeville
0%
76540 Gerponville
0%
76110 Gonfreville-Caillot
0%
76730 Gonnetot
0%
76560 Gonzeville
0%
76570 Goupillières
0%
76520 Gouy
0%
76430 Graimbouville
0%
76450 Grainville-la-Teinturière
0%
76116 Grainville-sur-Ry
0%
76110 Grainville-Ymauville
0%
76170 Grand-Camp
0%
76270 Graval
0%
76810 Greuville
0%
76810 Gruchet-Saint-Siméon
0%
76440 Grumesnil
0%
76730 Gueures
0%
76890 Gueutteville
0%
76460 Gueutteville-les-Grès
0%
76560 Harcanville
0%
76440 Haucourt
0%
76440 Haussez
0%
76450 Hautot-l'Auvray
0%
76190 Hautot-le-Vatois
0%
76113 Hautot-sur-Seine
0%
76740 Héberville
0%
76730 Hermanville
0%
76280 Hermeville
0%
76750 Héronchelles
0%
76340 Hodeng-au-Bosc
0%
76780 Hodeng-Hodenger
0%
76740 Houdetot
0%
76110 Houquetot
0%
76570 Hugleville-en-Caux
0%
76390 Illois
0%
76890 Imbleville
0%
76460 Ingouville
0%
76440 La Bellière
0%
76780 La Chapelle-Saint-Ouen
0%
76440 La Ferté-Saint-Samson
0%
76890 La Fontelaye
0%
76170 La Frénaye
0%
76740 La Gaillarde
0%
76780 La Hallotière
0%
76690 La Houssaye-Béranger
0%
76500 La Londe
0%
76730 Lamberville
0%
76730 Lammerville
0%
76390 Landes-Vieilles-et-Neuves
0%
76520 La Neuville-Chant-d'Oisel
0%
La Remuée
0%
76170 La Trinité-du-Mont
0%
76590 Le Catelier
0%
76390 Le Caule-Sainte-Beuve
0%
76450 Le Hanouard
0%
76780 Le Héron
0%
76460 Le Mesnil-Durdent
0%
76780 Le Mesnil-Lieubray
0%
76520 Les Authieux-sur-le-Port-Saint-Ouen
0%
76590 Les Cent-Acres
0%
Les Ifs
0%
76730 Lestanville
0%
76430 Les Trois-Pierres
0%
76440 Le Thil-Riberpré
0%
76540 Limpiville
0%
76760 Lindebeuf
0%
76210 Lintot
0%
76590 Lintot-les-Bois
0%
76440 Longmesnil
0%
76260 Longroy
0%
76750 Longuerue
0%
76270 Lucy
0%
76450 Malleville-les-Grès
0%
76590 Manéhouville
0%
76400 Maniquerville
0%
76460 Manneville-ès-Plains
0%
76390 Marques
0%
76680 Mathonville
0%
76530 Mauny
0%
76440 Mauquenchy
0%
76260 Melleville
0%
76220 Ménerval
0%
76110 Mentheville
0%
76780 Mésangueville
0%
76570 Mesnil-Panneville
0%
76520 Mesnil-Raoul
0%
76210 Mirville
0%
76220 Molagnies
0%
76340 Monchaux-Soreng
0%
76260 Monchy-sur-Eu
0%
76520 Montmain
0%
76220 Montroty
0%
76390 Morienne
0%
76270 Mortemer
0%
76780 Morville-sur-Andelle
0%
76530 Moulineaux
0%
76340 Nesle-Normandeuse
0%
76680 Neufbosc
0%
76780 Nolléval
0%
76590 Notre-Dame-du-Parc
0%
76390 Nullemont
0%
76450 Ocqueville
0%
76730 Omonville
0%
76450 Ouainville
0%
76430 Oudalle
0%
76760 Ouville-l'Abbaye
0%
76210 Parc-d'Anxtot
0%
76340 Pierrecourt
0%
76750 Pierreval
0%
76460 Pleine-Sève
0%
76440 Pommereux
0%
76560 Prétot-Vicquemare
0%
76660 Preuseville
0%
76660 Puisenval
0%
76520 Quévreville-la-Poterie
0%
76210 Raffetot
0%
76730 Rainfreville
0%
76340 Réalcamp
0%
76750 Rebets
0%
76340 Rétonval
0%
76560 Reuville
0%
76390 Richemont
0%
76340 Rieux
0%
76540 Riville
0%
76560 Robertot
0%
76160 Roncherolles-sur-le-Vivier
0%
76390 Ronchois
0%
76210 Rouville
0%
76440 Rouvray-Catillon
0%
76730 Saâne-Saint-Just
0%
76113 Sahurs
0%
76430 Sainneville
0%
76116 Saint-Aignan-sur-Ry
0%
76170 Saint-Antoine-la-Forêt
0%
76520 Saint-Aubin-Celloville
0%
76160 Saint-Aubin-Épinay
0%
76590 Saint-Crespin
0%
76116 Saint-Denis-le-Thiboult
0%
76890 Saint-Denis-sur-Scie
0%
76270 Sainte-Beuve-en-Rivière
0%
76460 Sainte-Colombe
0%
76750 Sainte-Croix-sur-Buchy
0%
76400 Sainte-Hélène-Bondeville
0%
76210 Saint-Eustache-la-Forêt
0%
76750 Saint-Germain-des-Essourts
0%
76690 Saint-Germain-sous-Cailly
0%
76270 Saint-Germain-sur-Eaulne
0%
76210 Saint-Jean-de-la-Neuville
0%
76340 Saint-Léger-aux-Bois
0%
76160 Saint-Léger-du-Bourg-Denis
0%
76890 Saint-Maclou-de-Folleville
0%
76730 Saint-Mards
0%
76340 Saint-Martin-au-Bosc
0%
76450 Saint-Martin-aux-Buneaux
0%
76260 Saint-Martin-le-Gaillard
0%
76330 Saint-Maurice-d'Ételan
0%
76440 Saint-Michel-d'Halescourt
0%
76730 Saint-Ouen-le-Mauger
0%
76630 Saint-Ouen-sous-Bailly
0%
76113 Saint-Pierre-de-Manneville
0%
76660 Saint-Pierre-des-Jonquières
0%
76740 Saint-Pierre-le-Vieux
0%
76740 Saint-Pierre-le-Viger
0%
76340 Saint-Riquier-en-Rivière
0%
76450 Saint-Vaast-Dieppedalle
0%
76890 Saint-Vaast-du-Val
0%
76430 Saint-Vigor-d'Ymonville
0%
76730 Sassetot-le-Malgardé
0%
76450 Sasseville
0%
76630 Sauchay
0%
76760 Saussay
0%
76110 Sausseuzemare-en-Caux
0%
76116 Servaville-Salmonville
0%
76660 Smermesnil
0%
76560 Sommesnil
0%
76540 Thérouldeville
0%
76540 Theuville-aux-Maillots
0%
76730 Thil-Manneville
0%
76450 Thiouville
0%
76730 Tocqueville-en-Caux
0%
76110 Tocqueville-les-Murs
0%
76910 Touffreville-sur-Eu
0%
76400 Toussaint
0%
76640 Trémauville
0%
76380 Val-de-la-Haye
0%
76110 Vattetot-sous-Beaumont
0%
76560 Veauville-lès-Quelles
0%
76730 Vénestanville
0%
76680 Ventes-Saint-Rémy
0%
76390 Vieux-Rouen-sur-Bresle
0%
76340 Villers-sous-Foucarmont
0%
76260 Villy-sur-Yères
0%
76540 Vinnemerville
0%
76480 Yainville
0%
76520 Ymare
0%
76690 Yquebeuf
0%
76530 Yville-sur-Seine
0%
Aucun quiz correspondant
Distribution des résultats
% des personnes avec chaque résultat
Percentile par nombre de réponses
Votre historique - résultats
Vous n’avez pas pris ce quiz